000 01078nam a2200265Ia 4500
003 OSt
005 20221005104703.0
006 a|||||r|||| 00| 0
007 ta
008 221004b |||||||| |||| 00| 0 hin d
020 _a9789380651330 (hbk)
_c2250
024 _a2638
037 _b369, 11/02/2013, Vidyanidhi Prakashan
_cTextual
040 _aCRL
_cCRL
_bhin
041 _2hin
_ahin
082 _aO15:g(W94), 152Q3
100 _aतिवारी, शशि
245 0 _aसंस्कृत साहित्य में राष्ट्रवाद और भारतीय राज शास्त्र
246 _aSanskṛut sāhitya mean rāṣhṭravād aur bhāratīya rāj shāstra
260 _aदिल्ली
_bविद्यानिधि प्रकाशन भारत
_c2013
300 _a262पृ0
_ccm.
650 _aहिन्दी साहित्य
942 _hO15:g(W94), 152Q3
_cTEXL
_2cc
999 _c1013505
_d1013505